Can you name all of the Die Of Death Chase Themes and LMS Themes? - Statistics

General Stats
  • This quiz has been taken 4 times
  • The average score is 20 of 66
Answer Stats
Hint Answer % Correct
Noliful LMS A RETRO SOUL (NOW, SLOP)
100%
Caretaker LMS Careless.
100%
Double Trouble LMS Eternity (V1)
100%
Default LMS Eternity (V2)
100%
Devesto F3X Abuser
100%
Harken Hark, The "Angel" Bleeds.
100%
One Bounce LMS ONE BOUNCE
100%
Artful vs Banana SHOWTIME
100%
Pursuer Starvation (V3)
100%
Killdroid vs Revolver Vigilante Shootdown
100%
Double Badware LMS Y2K
100%
Classic A Friend's Bro
50%
Zombie Apocalypse
50%
Discerna EXECUTE (You)
50%
Deathstar HELLFIRE
50%
Loveware I <3 U !!!
50%
Avoider Inappetence
50%
MeQuot/IQuot Insanely
50%
Bling Pursuer Monetization
50%
OMEGAWARE LMS Omegas "final" stand
50%
Teapot Paradise PALACE (Boiling Point)
50%
Hamken Picnic
50%
Badware Polymorphic
50%
Evil Guy/Kind Gal REVENGE IS DUE
50%
Swapful Scribble Tickle Bop (V2)
50%
The Stalker Stalker
50%
Ruins The Angel's Prison
50%
Runicware Thorns That Pierce
50%
Pixeldroid 3D TIME.
0%
Conceptual Abstractum
0%
Clawsguy/Seesaws Acidulus (V2)
0%
Cesus (Harken) A God With No Time
0%
Jetdroid ARENA OF DEATH (V2)
0%
Awesomedroid awesome-sauce
0%
Hardest Game Beyond The Bounds Of Possibility
0%
Builder CONSTRUCTION
0%
Eggdroid/9000droid EGGDROID CHASE
0%
Artful Est-ce ta carte
0%
Spyware EYESPY
0%
Phantasm Frightened
0%
Aeroware Heated rocks from mar
0%
Goodware Inscriptus
0%
Killdroid Insubstantial
0%
Cookieware Made With Care
0%
Artistry Masterpiece Of The Riches (V2)
0%
Mr. Screwy Mr. Screwy Theme
0%
Futuristic NEO FUTURE
0%
Noliful/Cementful NUL_ET_NON_AVENU
0%
Orchestraful Orchestraful Theme
0%
Devilware PANDEMIC PANDEMONIUM
0%
Maze Guy Play My Maze Game
0%
Livedroid Preservation
0%
Angelware PURIFICATION
0%
Teadroid Quaking And Shaking
0%
Paintful Ringtone
0%
SoRetro/Innovationful S0R3TR0!
0%
MLGdroid SCOPE
0%
Sonorous Stardom
0%
Wiperware T0-B3-3RA5ED
0%
Thec The Ripper's Graze
0%
Tixful Tixapalooza Of Riches
0%
Audie UNTRUSTWORTHY CREATOR
0%
Seaful We'll pirate a name later sorry
0%
Ena What kind of dream is this?
0%
Turkeydroid Wild Civilian Chase
0%
OMEGAWARE Your Best Nightmare
0%
No matching quizzes found
Score Distribution
Percent of People with Each Score
Percentile by Number Answered
Your Score History
You have not taken this quiz